00629nam a22001931 450000100060000000300080000600500170001400800390003103500190007004000270008904100080011608200230012410000200014724500720016726000500023930000350028949000670032465000440039118907BD-RjUL20211223121806.0140222s1967 enka 000 0 eng a(BD-RjUL)18965 aDLCcDLCdBD-RjULbeng aeng00a547.0028bSAB 19671 aSabel, William.10aBasic techniques of preparative organic chemistry /cWilliam Sabel. aOxford ;aNew York :bPergamon Press,cc1967. aix, 196 p. :billus. ;c20 cm.0 aThe Commonwealth and international library. Chemistry division 0aChemistry, OrganicxLaboratory manuals.